[Event "3rd Cambridge Int Open"]
[Site "Cambridge ENG"]
[Date "2025.05.31"]
[Round "9.1"]
[White "Tiviakov, Sergei"]
[Black "Adams, Michael"]
[Result "1/2-1/2"]
[Annotator "Crowther,Mark"]
[WhiteElo "2536"]
[BlackElo "2661"]
[PlyCount "86"]
[GameId "2183591886864507"]
[EventDate "2025.05.26"]
	
1. e4 e5 2. Nf3 Nc6 3. Bb5 a6 4. Ba4 Nf6 5. d3 Bc5 6. Nc3 {C77: Ruy Lopez: 3...a6 4 Ba4 Nf6, unusual lines.} d6 (6... b5 $5 7. Bb3 $8 d6 $11) 7. O-O O-O 8. Bxc6 bxc6 9. h3 Re8 10. Re1 {[#]} a5 $146 (10... Rb8 11. a3 Bd7 12. b3 Bb6 13. Be3 c5 14. Ne2 c6 15. Ng3 h6 16. Nh2 Kh7 {0-1 Seo,J (2481)-Ertan,C (2358) SWE-chT 2324 Elite Sweden 2023 (5.14)}) 11. Na4 Ba7 12. b3 Nd7 13. Bd2 {[%cal Oc2c4]} Qf6 14. Qe2 Nc5 {[%eval 9,28] [%wdl 23,966,11]} (14... Nf8 {[%eval -28,30] [%wdl 5,947,48] is superior.}) 15. Nxc5 $1 $11 ({Reject} 15. Bxa5 Nxa4 16. bxa4 Bxf2+ 17. Qxf2 Rxa5 $17) 15... Bxc5 16. a4 Bd7 17. Rf1 Qg6 18. Kh2 Qh5 19. Ng1 {[%cal Bf3g1,Bg1e2,Be2g3][%mdl 32]} Qg6 20. Qe1 Bb6 21. Ne2 f5 22. exf5 Bxf5 23. f3 Qf6 24. Ng3 Bg6 25. Be3 d5 26. Qf2 Bd4 27. Rae1 c5 28. Qd2 Qd6 29. Re2 h5 30. Bxd4 exd4 31. Rxe8+ Rxe8 32. f4 {[#]} c4 $1 33. bxc4 dxc4 34. dxc4 h4 35. Nh1 $11 {[%cal Oh1f2] The best move. It's always notable when a knight retreats to h1, it's never a great square of a knight.} ({But not} 35. Ne2 $2 d3 36. Nc1 (36. cxd3 $2 Qxd3 37. Qxa5 Rxe2 $19) 36... dxc2 37. Qxa5 c5 $19) 35... Qc5 36. Rd1 Qxc4 37. Qxd4 Qxd4 38. Rxd4 {[%mdl 4096]} Re4 39. Rd8+ {The position is equal.} Kh7 40. Rd5 Rxf4 41. Rxa5 Rc4 {[%cal Oc7c5] aiming for ...c5!.} 42. Rg5 Rxc2 43. Rg4 c5 1/2-1/2

[Event "18th American Continental"]
[Site "Foz do Iguacu BRA"]
[Date "2025.05.30"]
[Round "10.1"]
[White "Shankland, Sam"]
[Black "Oparin, Grigoriy"]
[Result "1-0"]
[Annotator "Tactical Analysis 7.0"]
[WhiteElo "2666"]
[BlackElo "2660"]
[PlyCount "127"]
[GameId "2183685690515593"]
[EventDate "2025.05.23"]

1. d4 Nf6 2. c4 e6 3. Nc3 d5 4. cxd5 exd5 5. Bg5 Be7 6. e3 h6 7. Bh4 Bg4 {D35: Queen's Gambit Declined: Exchange Variation.} 8. Qc2 O-O 9. h3 Be6 {White is slightly better.} 10. Nf3 Nc6 11. a3 Ne8 12. Bg3 Bd6 13. Bd3 Bxg3 14. fxg3 Qd6 $146 ({Predecessor:} 14... Nd6 15. O-O f5 16. b4 Ne4 17. Ne2 a6 18. Rac1 Rc8 19. Qb2 Qd6 20. Kh2 Nb8 {1-0 Fiorito,J (2401)-Ouellet,M (2222) Seville op 49th 2024 (8)}) 15. g4 {[%eval 7,26] [%wdl 18,973,9]} ({White should play} 15. O-O $16 {[%eval 72,25] [%wdl 230,769,1]}) 15... Qg3+ $11 16. Kd2 {[%cal Og4g5]} (16. Qf2 {simplifies} Qxf2+ 17. Kxf2 Nd6 18. g5) 16... Qxg2+ 17. Be2 {[#]} Qg3 18. Raf1 {[%cal Og4g5]} Qd6 19. g5 $1 h5 {[%eval 62,27] [%wdl 154,845,1]} (19... Ne7 $1 $15 {[%eval -40,27] [%wdl 2,934,64]}) 20. Nh4 {[%eval -49,26] [%wdl 1,904,95]} (20. g6 $1 $14 {[%eval 62,27] [%wdl 154,845,1]}) 20... Ne7 $15 21. g6 {[%eval -114,25] [%wdl 0,345,655]} (21. Bxh5 $15 {[%eval -54,29] [%wdl 1,882,117]} c5 22. Kc1) 21... f5 {[%eval -41,28] [%wdl 2,929,69]} ({Better is} 21... Rc8 $17 {[%eval -114,25] [%wdl 0,345,655] ...c5 is the strong threat.} 22. gxf7+ (22. Bxh5 f5 $17) 22... Rxf7) 22. Ng2 Nf6 23. Nf4 Bd7 {Dodges Nb5} 24. Bd3 {[%eval -135,27] [%wdl 0,173,827]} (24. Kc1 $142 {[%eval -74,25] [%wdl 0,758,242]}) 24... c5 25. dxc5 Qxc5 26. Qb3 {[%cal Of1c1]} Kh8 {[%eval -37,28] [%wdl 2,946,52]} (26... Rad8 $17 {[%eval -104,27] [%wdl 0,449,551][%cal Of6e4]} 27. Rc1 Qd6) 27. Qb4 b6 28. Rhg1 a5 29. Qd4 {Active counter play!} Rad8 30. Rg5 Bc8 31. Kc1 Kg8 32. Rd1 Qxd4 33. exd4 {[%cal Od1e1]} Rd6 34. Rdg1 {[%eval -44,24] [%wdl 0,961,39]} (34. Re1 $11 {[%eval 0,34] [%wdl 3,994,3]} Ne4 35. Rxh5) 34... h4 $1 35. Bc2 Ne4 {[%eval -20,30] [%wdl 1,988,11]} (35... Rfd8 $15 {[%eval -65,26] [%wdl 0,881,119]}) 36. Rh5 $11 Rff6 37. Bb3 $36 {[%mdl 2048] Black is under pressure.} Nxc3 (37... Nxg6 $2 38. Ncxd5 (38. Bxd5+ Rxd5 39. Nfxd5 Rd6 $18) 38... Kf8 (38... Rc6+ $2 39. Kd1 $18) 39. Nxf6 Nxf4 40. Rh8+ (40. Rxh4 Ne2+ 41. Kd1 Nxg1 $17) 40... Ke7 41. Nxe4 (41. Rxg7+ Kxf6 42. Rf7+ Kg5 $14) 41... Ne2+ 42. Kd2 Nxg1 43. Nxd6 $18) 38. bxc3 Bb7 {[%cal Re7g6]} 39. Rhg5 b5 40. Kd2 Bc6 41. Bd1 Kf8 42. Bh5 {[%mdl 1024] White has compensation.} Nc8 {[%eval 116,32] [%wdl 721,279,0]} (42... Be8 $11 {[%eval 16,32] [%wdl 8,991,1]}) {White now steadily converts the win.} 43. Re1 $16 Rd7 {[%eval 216,23] [%wdl 999,1,0]} (43... Ne7 $16 {[%eval 144,27] [%wdl 929,71,0]}) 44. Bf3 $18 Nd6 {[%eval 349,27] [%wdl 1000,0,0]} (44... Re7 {[%eval 225,26] [%wdl 999,1,0]} 45. Re5 (45. Nxd5 Rxe1 46. Kxe1 Bxd5 $11) 45... Nd6) 45. Re5 Re7 46. Kd3 (46. Nxd5 $2 Nc4+ 47. Kc2 Nxe5 $19) (46. Bxd5 Rxe5 47. dxe5 Bxd5 $11) 46... Nc4 47. Rxe7 Kxe7 48. Bxd5 Nxa3 $2 {[%eval 415,22] [%wdl 1000,0,0]} (48... Nb2+ {[%eval 187,26] [%wdl 993,7,0] keeps fighting.} 49. Ke2 Be8) 49. Bxc6 {[%mdl 64] [#] Overworked Piece} Rxc6 50. Rxf5 {[%mdl 4096] Endgame KRN-KRN} Nb1 51. Rxb5 Rxc3+ 52. Ke4 ({Much less strong is} 52. Ke2 Rc1 $18) 52... Nd2+ 53. Kf5 {Nd5+ would now be deadly.} Rc4 $2 {[%eval 668,19] [%wdl 1000,0,0]} (53... Nb3 {[%eval 291,22] [%wdl 1000,0,0]} 54. Nd5+ Kd6 55. Nxc3 Nxd4+ 56. Kf4 Nxb5 57. Nxb5+ Ke6) 54. Rb7+ Kd6 55. Rxg7 Nb3 56. Ra7 Nxd4+ 57. Kg5 Rc5+ 58. Kg4 Rc1 $2 {[%eval 778,19] [%wdl 1000,0,0]} (58... Nf5 {[%eval 369,23] [%wdl 1000,0,0]} 59. Ra6+ Ke7) 59. Rxa5 Rg1+ 60. Kh5 {Rd5+ would kill now.} Ke7 61. Ra7+ Kd6 62. Rf7 ({Less strong is} 62. Kxh4 Ke5 $16) 62... Nc6 63. g7 Ne7 {Weighted Error Value: White=0.14 (very precise) /Black=0.57} 64. Kh6 1-0

[Event "13th Norway Chess 2025"]
[Site "Stavanger NOR"]
[Date "2025.05.31"]
[Round "5.1"]
[White "Erigaisi, Arjun"]
[Black "Nakamura, Hikaru"]
[Result "1/2-1/2"]
[Annotator "Tactical Analysis 7.0"]
[WhiteElo "2782"]
[BlackElo "2804"]
[PlyCount "151"]
[GameId "2183700343161291"]
[EventDate "2025.05.26"]

1. d4 d5 2. c4 c6 3. Nf3 Nf6 4. Nc3 dxc4 5. a4 Bf5 6. Ne5 Nbd7 7. Nxc4 Qc7 8. g3 e5 9. dxe5 Nxe5 10. Bf4 Nfd7 11. h4 {D17: Slav Defence: 5 a4 Bf5: Lines with 6 Nh4 and 6 Ne5.} f6 12. Bh3 Bxh3 13. Rxh3 Rd8 $146 ({Predecessor:} 13... O-O-O 14. Qc2 Bb4 15. Kf1 Kb8 16. Nxe5 Nxe5 17. Kg2 Ka8 18. Rhh1 Qa5 19. Na2 Bd2 {0-1 Mansson,J (2142)-Josse,M (2064) BCF-chT2b 0910 (4NCL) England 2009 (6.6)}) 14. Qc2 Qc8 15. Nd2 Nc5 16. Rh1 Qe6 17. O-O-O Rd4 {[%eval 45,33] [%wdl 77,922,1]} (17... Be7 $11 {[%eval 0,33] [%wdl 11,978,11] feels stronger.}) 18. Kb1 Ng4 {Inhibits Be3.} 19. Nf3 {[%eval -28,31] [%wdl 3,961,36]} (19. Rhf1 $142 {[%eval 28,31] [%wdl 37,960,3]}) 19... Rxd1+ $11 20. Rxd1 Nxf2 21. Nd4 Qc4 22. Rd2 {[#]} Nfe4 $1 {[%mdl 64] Decoy} 23. Nxe4 Qxc2+ {[%mdl 64] Remove Defender} (23... Qxa4 $2 24. b3 (24. Nxc5 Qxc2+ 25. Rxc2 Bxc5 $18) 24... Qb4 25. Bd6 $18) 24. Kxc2 {[%eval -79,29] [%wdl 0,776,224]} (24. Rxc2 $15 {[%eval -40,29] [%wdl 0,969,31]} Nxe4 25. a5) 24... Nxe4 $17 25. Rd3 {[#]} Nc5 $1 {[%csl Ba4,Bd3]} 26. Re3+ {[%eval -151,29] [%wdl 0,49,951]} (26. Rd1 $142 {[%eval -104,30] [%wdl 0,438,562]}) 26... Kf7 27. b4 {[#]} Nd7 $2 {[%eval -2,31] [%wdl 3,994,3] Losing his winning advantage.} (27... Nxa4 28. Ra3 b5 29. Nxc6 $17) (27... Na6 $1 $19 {[%eval -177,32] [%wdl 0,11,989][%cal Ra6b4]} 28. b5 cxb5 29. Nxb5 Bc5) 28. Rd3 $1 $11 {[%cal Od4c6]} Nb6 29. Kb3 a6 30. e4 Be7 31. Nf5 g6 $1 32. a5 $2 {[%eval -302,27] [%wdl 0,0,1000][%mdl 8192]} (32. Nxe7 $15 {[%eval -40,31] [%wdl 0,970,30]} Kxe7 33. Bd6+ Ke8 34. b5) 32... gxf5 $19 33. axb6 Rd8 {[%eval 0,59] [%wdl 3,994,3]} ({Black should try} 33... fxe4 $17 {[%eval -156,25] [%wdl 0,39,961]} 34. Rd7 e3 35. Rxb7 (35. Bxe3 $2 {is the wrong capture.} Rd8 $19) 35... Rd8) 34. Rxd8 $11 {The position is equal.} Bxd8 {[%mdl 4096]} 35. Bc7 Be7 36. exf5 c5 37. bxc5 Bxc5 {And now ...h5 would win.} 38. g4 h5 39. gxh5 Bf2 40. Kc4 Bxh4 41. Bd6 a5 42. Kb5 Kg7 43. Kxa5 Kh6 44. Kb5 Kxh5 45. Be7 Kg5 46. Kc5 Bf2+ 47. Kd6 Bxb6 48. Ke6 Bd4 49. Bb4 Be5 50. Bd2+ Kg4 51. Bb4 b5 52. Be7 Kg5 53. Bb4 Bb2 54. Bd2+ Kg4 55. Bb4 Be5 56. Be7 Kg5 57. Bb4 Bb2 58. Bd2+ Kh5 59. Bb4 Kh6 60. Bf8+ Kh5 61. Be7 Kg5 62. Bb4 Ba1 63. Bd2+ Kg4 64. Bb4 Kf4 65. Be7 Kg5 66. Bb4 Bb2 67. Bd2+ Kg4 68. Bb4 Be5 69. Be7 Bc3 70. Bxf6 b4 {(  ...Bxf6)} 71. Bxc3 {[%mdl 64]} bxc3 72. f6 c2 73. f7 c1=Q 74. f8=Q {Wards off Qc5} Qc6+ 75. Qd6 Qxd6+ 76. Kxd6 1/2-1/2

[Event "13th Norway Chess 2025"]
[Site "Stavanger NOR"]
[Date "2025.05.31"]
[Round "5.2"]
[White "Wei, Yi"]
[Black "Gukesh, D.."]
[Result "1/2-1/2"]
[Annotator "Tactical Analysis 7.0"]
[WhiteElo "2758"]
[BlackElo "2787"]
[PlyCount "147"]
[GameId "2183713323479693"]
[EventDate "2025.05.26"]

1. e4 c6 2. d4 d5 3. exd5 cxd5 4. Bd3 Nc6 {[%cal Bb8c6,Bc6b4,Bb4d3][%mdl 32]} 5. c3 e6 6. Nf3 {B13: Caro-Kann: Exchange Variation and Panov-Botvinnik Attack.} Bd6 7. O-O Nge7 8. Re1 {White has an edge.} O-O 9. c4 $5 {[%eval -21,30] [%wdl 11,940,49][%mdl 4] Leaves trodden paths.} (9. b3 $14 {[%eval 32,27] [%wdl 72,921,7]}) 9... Nb4 $146 ({Predecessor:} 9... dxc4 10. Bxc4 b6 11. Nc3 Bb7 12. a3 Rc8 13. Ba2 Bb8 14. Bg5 Qd7 15. d5 exd5 16. Nxd5 Nxd5 17. Qxd5 {1-0 Chan,K (2311)-Srihari,L (2366) Titled Tuesday intern op 25th Feb Early Chess.com INT blitz 2025 (10)}) 10. c5 Nxd3 $1 11. Qxd3 Bb8 12. Nc3 a5 13. Bg5 f6 14. Bh4 Nf5 {[%eval 30,31] [%wdl 46,950,4]} (14... Bd7 $142 {[%eval -30,31] [%wdl 4,950,46]}) 15. Bg3 $36 {[%mdl 2048] White is pushing.} Nxg3 16. hxg3 (16. fxg3 Bd7 $11) 16... Bd7 17. b3 {[%cal Bb2b3,Bb3b4,Bb4b5][%mdl 32] White has more active pieces.} Re8 {[%eval 94,24] [%wdl 433,567,0]} (17... b6 $14 {[%eval 56,29] [%wdl 105,895,0]}) 18. a3 $16 Re7 19. b4 b6 {[%eval 218,24] [%wdl 997,3,0]} (19... axb4 $16 {[%eval 137,27] [%wdl 856,144,0]} 20. axb4 Rxa1 21. Rxa1 Re8) 20. b5 $18 Be8 21. Re3 {[%eval 133,29] [%wdl 831,169,0]} (21. Na4 $18 {[%eval 178,25] [%wdl 978,22,0]}) 21... Bc7 (21... Bg6 22. Qe2 $14) 22. Rae1 Bf7 (22... Bg6 $6 23. Qd1 $14) 23. Na4 Rb8 24. Qe2 {[%eval 104,26] [%wdl 549,451,0]} ({White should try} 24. R3e2 {[%eval 153,27] [%wdl 931,69,0]}) 24... Rc8 {[%eval 181,26] [%wdl 981,19,0]} (24... e5 $16 {[%eval 104,26] [%wdl 549,451,0] keeps fighting.}) 25. Rc3 bxc5 26. dxc5 (26. Nxc5 $6 Bb6 $11) 26... d4 {[%eval 278,23] [%wdl 1000,0,0]} (26... e5 $142 {[%eval 187,27] [%wdl 988,12,0]}) 27. Rd3 Rd7 28. b6 Bb8 {[#]} 29. Qd2 $2 {[%eval 45,27] [%wdl 59,940,1] Allowing black to more or less equalise.} (29. b7 $1 $18 {[%eval 263,26] [%wdl 1000,0,0][%cal Rb7c8]} Rxb7 30. Nxd4) 29... e5 $14 30. Qxa5 Bd5 31. Nd2 {[%eval 0,35] [%wdl 6,988,6]} (31. Rdd1 $14 {[%eval 41,28] [%wdl 47,952,1]}) 31... f5 32. Qb4 {[%cal Of2f4]} Qf6 {[#]} 33. f4 $1 {[%mdl 64] Deflection} exf4 (33... h6 34. Nf3) 34. Qxd4 {[%eval -24,29] [%wdl 1,986,13]} (34. b7 $142 {[%eval 16,31] [%wdl 13,985,2]} Rxb7 (34... Bxb7 $2 35. Nb6 $18) 35. Qxd4 Qxd4+ 36. Rxd4) 34... Qxd4+ $11 35. Rxd4 Bc6 36. Rxd7 {[%mdl 64] Remove Defender} Bxd7 37. b7 (37. Nb2 {simplifies} Rxc5 38. gxf4 Rc2 39. Ndc4) 37... Rd8 38. Nb6 Bc6 (38... fxg3 $2 39. Nxd7 Rxd7 40. Re8+ Kf7 41. Rxb8 $18) 39. Ndc4 Bxb7 40. gxf4 Bxf4 41. Re7 Be4 42. Kf2 Rd3 43. Nc8 {[%eval -115,26] [%wdl 0,295,705]} (43. Nd7 $11 {[%eval -13,33] [%wdl 1,992,7] remains equal.}) 43... h5 $17 44. N8d6 {[#]} Rc3 $1 45. Re8+ {[%eval -276,17] [%wdl 0,0,1000]} (45. Nxe4 {[%eval -164,26] [%wdl 0,24,976] was forced.} Rxc4 46. Kf3) 45... Kh7 $19 46. Rf8 $2 {[%eval -623,23] [%wdl 0,0,1000]} (46. Nxe4 {[%eval -265,26] [%wdl 0,0,1000]} Rxc4 47. Kf3) 46... Bg3+ 47. Ke2 Bxg2 {A strong pair of Bishops.} 48. Ne3 Bh3 (48... Rxc5 49. Ndxf5 h4 50. Nxg2 $11) 49. Nexf5 {and Ne4 would now be decisive} Be5 $2 {[%eval -13,32] [%wdl 1,993,6]} ({Weaker is} 49... Rxa3 50. Nxg3 Rxg3 51. Ne4 Rg2+ 52. Kf3 $15) ({Black should play} 49... Bg4+ $19 {[%eval -418,25] [%wdl 0,0,1000]} 50. Kd2 Rf3 (50... Rxc5 51. Nxg3 Rd5+ 52. Ke3 $17)) 50. Ne4 $1 $11 Bg4+ 51. Kd2 Rxa3 52. Ne7 $1 Ra2+ 53. Kd3 Ra3+ 54. Kc4 Bf6 {Wards off Ng5+} 55. Nxf6+ gxf6 56. Rxf6 {[%mdl 4096] Endgame KRB-KRN} h4 57. c6 h3 58. Rf2 Rg3 59. Nd5 Kh6 60. Nf4 {Wards off Rg2} Kg5 61. c7 Rg1 62. Kd4 Rc1 63. Nd5 Rc6 64. Ke5 Kh4 65. Rb2 Bf3 66. Ne3 {[%eval -42,43] [%wdl 0,968,32]} (66. Rb6 $11 {[%eval 0,45] [%wdl 3,994,3] was preferable.} Rc5 67. Rh6+ Bh5 68. Kd6) 66... Rxc7 $15 67. Kf4 Bc6 {The position is equal.} (67... Bg4 $5 68. Ng2+ hxg2 (68... Kh5 69. Rb5+ Kh6 70. Ne3 $15) 69. Rxg2 Rf7+ 70. Ke5 Kg5 $15) 68. Nf5+ Kh5 69. Rb8 {White wants to mate with Rg8.} Kg6 {and ...h2 should not be overlooked} 70. Rh8 Bd7 71. Rh6+ Kf7 72. Rxh3 Rc4+ 73. Kg5 Bxf5 {What a bad dream for Black.  Weighted Error Value: White=0.25 (precise) /Black=0.28 (precise)} 74. Kxf5 1/2-1/2

[Event "13th Norway Chess 2025"]
[Site "Stavanger NOR"]
[Date "2025.05.31"]
[Round "5.3"]
[White "Caruana, Fabiano"]
[Black "Carlsen, Magnus"]
[Result "1/2-1/2"]
[Annotator "Tactical Analysis 7.0"]
[WhiteElo "2776"]
[BlackElo "2837"]
[PlyCount "133"]
[GameId "2183729083003820"]
[EventDate "2025.05.26"]


1. e4 e5 2. Nf3 Nc6 3. Bb5 a6 4. Ba4 Nf6 5. O-O Be7 6. Bxc6 dxc6 7. Re1 Nd7 {[%cal Bf6d7,Bd7f8,Bf8g6][%mdl 32]} 8. d4 {C85: Closed Ruy Lopez: Deferred Exchange Variation.} Bf6 {[%eval 36,27] [%wdl 66,930,4]} (8... exd4 $11 {[%eval -13,33] [%wdl 9,965,26]} 9. Qxd4 O-O) 9. Be3 O-O 10. c3 $146 {White has an edge.} ({Predecessor:} 10. Nc3 Qe7 11. Qd3 Rd8 12. d5 c5 13. a4 Qd6 14. Nd2 Be7 15. Nc4 Qg6 16. f4 {½-½ Ermenkov,E (2520)-Hernandez Onna,R (2465) Olympiad-23 Buenos Aires 1978 (6)}) 10... Re8 11. Nbd2 exd4 12. cxd4 Nf8 13. Qc2 Ng6 14. h3 a5 15. Rad1 a4 16. Nb1 Be7 17. Nc3 Bb4 18. d5 {[#]} Qe7 {[%eval 84,26] [%wdl 331,669,0]} (18... Nh4 $1 $14 {[%eval 35,32] [%wdl 57,940,3]}) 19. a3 Bd6 20. Bd4 (20. Nxa4 Qxe4 21. Qxe4 Rxe4 $11) 20... Qd7 21. e5 Bf8 22. e6 {White is more active.} (22. Nxa4 cxd5 23. b3 Qf5 (23... Bxa3 24. Ra1 $17) 24. Qxf5 (24. Qxc7 Nf4 $17) 24... Bxf5 $17) 22... fxe6 23. dxe6 (23. Nxa4 exd5 (23... cxd5 24. Nc3 $17) 24. Nc5 Bxc5 25. Bxc5 b6 26. Rxe8+ Qxe8 $17) 23... Rxe6 24. Ne4 $1 Ra5 25. Bc5 $1 Qe8 26. Qc3 (26. Qc4 $5) 26... b6 27. Bxf8 Nxf8 28. Neg5 $40 {[%mdl 128]} Rxe1+ 29. Rxe1 Qd8 30. Qxc6 h6 $1 (30... Rxg5 $2 31. Nxg5 Qxg5 32. Qc4+ (32. Qxa4 Be6 $15) (32. Re8 Qf5 $16) 32... Ne6 33. Rxe6 Bxe6 34. Qxe6+ Kf8 35. Qc8+ Kf7 36. Qxc7+ Kg8 37. Qc8+ (37. Qxb6 Qc1+ 38. Kh2 Qc4 $18) 37... Kf7 38. Qc7+ Kg8 39. Qb8+ Kf7 40. Qa7+ (40. Qxb6 Qc1+ 41. Kh2 Qf4+ 42. g3 Qc4 $18) 40... Kf8 41. Qxb6 $18 (41. Qxa4 Qc1+ 42. Kh2 Qxb2 $16)) 31. Ne4 Be6 {[%eval 48,32] [%wdl 50,950,0]} (31... Qd7 $11 {[%eval 12,31] [%wdl 7,991,2]} 32. Qc4+ Kh7) 32. Nc3 $14 {[%csl Ba4,Be6]} Qd7 33. Qxd7 Bxd7 34. Re7 Rc5 {[%eval 103,27] [%wdl 547,453,0]} (34... Rf5 $14 {[%eval 59,32] [%wdl 84,916,0]}) 35. Ne5 $16 Bf5 36. g4 {[%eval 24,31] [%wdl 12,987,1] Not the most accurate.} ({White should try} 36. Re8 $1 $16 {[%eval 82,32] [%wdl 261,739,0]}) 36... Ng6 $1 $11 37. Re8+ (37. Nxg6 {simplifies} Bxg6 38. Nxa4 Rc1+ 39. Kg2) 37... Kh7 38. f4 Nxe5 39. Rxe5 Rxe5 40. fxe5 {[%mdl 4096] Endgame KB-KN} Bd7 41. Nd5 Kg6 42. Nxc7 {[%eval 51,29] [%wdl 51,949,0]} (42. Kf2 $11 {[%eval 6,39] [%wdl 4,994,2] deserves consideration.}) 42... Kf7 $14 43. Kf2 g5 $2 {[%eval 433,27] [%wdl 1000,0,0][%mdl 8192] This move should be losing.} (43... Bc6 $14 {[%eval 68,27] [%wdl 128,872,0]}) 44. Nd5 $2 {[%eval 20,30] [%wdl 8,991,1]} ({White must play} 44. Ke3 $18 {[%eval 433,27] [%wdl 1000,0,0] is winning according to the engine, I don't think it's easy to see that's the case.} Bc6 45. Kd4 Bg2 46. Nd5 Bxh3 47. Ne3 h5 48. gxh5 Be6 49. Nd5 Bc8 50. Nxb6 Bg4 51. h6 Bh3 52. Nxa4) 44... Ke6 {[%csl Bd5,Be5] The position is equal.} 45. Nf6 Bc8 46. Ng8 Kxe5 47. Nxh6 Be6 48. Ke3 b5 49. Nf5 Bxf5 50. gxf5 Kxf5 $11 {K3P-K3P} 51. Kf3 $1 Kf6 52. Kg4 Kg6 53. Kg3 Kh5 (53... Kf5 $5) 54. Kf3 Kh4 55. Kg2 g4 56. hxg4 Kxg4 57. Kf2 Kf4 58. Ke2 Ke4 59. Kd2 Kd4 60. Kc2 Kc4 61. b3+ axb3+ 62. Kb2 b4 {(  ...bxa3+)} 63. a4 Kd5 64. Kxb3 Kc5 65. a5 Kb5 66. a6 {[%mdl 64] [#] Deflection} Kxa6 67. Kxb4 1/2-1/2

[Event "13th Norway Armageddon"]
[Site "Stavanger NOR"]
[Date "2025.05.31"]
[Round "5.1"]
[White "Erigaisi, Arjun"]
[Black "Nakamura, Hikaru"]
[Result "1-0"]
[Annotator "Tactical Analysis 7.0"]
[WhiteElo "2782"]
[BlackElo "2804"]
[PlyCount "95"]
[GameId "2183743428293837"]
[EventDate "2025.05.26"]


1. Nf3 d5 2. c4 e6 3. d4 Nf6 4. Nc3 a6 5. cxd5 exd5 6. Bf4 {D37: Queen's Gambit Declined: 5 Bf4.} c6 7. e3 Bd6 8. Bxd6 {White has an edge.} Qxd6 9. Qc2 Nbd7 10. Bd3 O-O 11. O-O Re8 12. Rab1 a5 13. h3 $146 ({Predecessor:} 13. a3 Nf8 14. Rfc1 Ng6 15. h3 Bd7 16. b4 axb4 17. axb4 Rac8 18. Qb2 Ne4 19. b5 Nxc3 20. Rxc3 cxb5 21. Rxc8 Rxc8 22. Bxb5 Bxb5 23. Qxb5 {1-0 Kryakvin,D (2459)-Sahib,S (2430) Titled Tuesday intern op 14th Jan Early Chess.com INT blitz 2025 (8)}) 13... b6 14. Rfc1 Bb7 15. a3 c5 16. Bb5 Rec8 17. Rd1 Nf8 18. Qf5 Qe7 19. Na4 {White has more active pieces.} Bc6 {[%eval 168,31] [%wdl 951,49,0] [#]} (19... Qd8 $14 {[%eval 63,29] [%wdl 170,829,1]}) 20. Nxb6 {[%eval 35,29] [%wdl 53,944,3]} ({White has to play} 20. Bxc6 $1 $18 {[%eval 168,31] [%wdl 951,49,0]} Rxc6 21. dxc5 bxc5 22. Nc3) 20... Bxb5 $14 21. Nxc8 Qc7 {[#]} 22. dxc5 Rxc8 23. Rdc1 a4 24. Nd4 Bc4 {[%mdl 1024] Black has compensation.} 25. c6 {Against N6d7} Ng6 26. Qc2 {Some like it hot} Qa7 27. Qc3 $1 Ne7 {[%cal Of6e4] Hoping for ...Ne4!.} 28. Rd1 $2 {[%eval -240,24] [%wdl 0,1,999]} (28. b4 $11 {[%eval -15,32] [%wdl 2,988,10]}) 28... h6 {[%cal Of6e4]} (28... Nxc6 29. Nf5 $17) 29. Rbc1 {[%eval -240,23] [%wdl 0,1,999]} (29. b4 $142 {[%eval -166,29] [%wdl 0,28,972]} axb3 {[%csl Oa3][%mdl 64] Discovered Attack} (29... Nxc6 30. Nf5 $11) 30. Nxb3) 29... Ne4 $19 (29... Nxc6 30. Nf5 $15) 30. Qe1 Nxc6 31. Nf5 Ne7 $2 {[%eval 0,30] [%wdl 3,994,3]} (31... g6 $19 {[%eval -183,28] [%wdl 0,11,989]} 32. Nxh6+ Kg7) 32. Nxe7+ $11 Qxe7 33. Rd4 $2 {[%eval -344,21] [%wdl 0,0,1000][%mdl 8192] White is weak on the light squares} (33. Rxd5 $11 {[%eval 0,30] [%wdl 3,994,3] and White has nothing to worry.} Bxd5 34. Rxc8+ Kh7 35. f3) 33... Rb8 $19 34. Rc2 Rb6 35. Qa5 Ra6 36. Qe1 Rg6 37. Qd1 Qg5 {[%csl Gg6][%cal Rg5g2]} 38. Qf3 {and Rcxc4 would now be decisive} Bb3 39. Rc8+ Kh7 {[%cal Bg8h7,Bh7g6,Bg6h5][%mdl 32]} 40. h4 Qxh4 41. Qxf7 {[%csl Gc8][%cal Rf7g8]} Rf6 $4 {[%eval 596,27] [%wdl 1000,0,0][%mdl 8192]} (41... Rxg2+ $1 $19 {[%eval -542,29] [%wdl 0,0,1000]} 42. Kxg2 Qg4+ 43. Kh2 Qxc8) 42. Qg8+ $18 Kg6 {[#]} 43. g3 $1 {[%cal Bg2g3,Bg3g4][%mdl 32]} Qg4 44. Rc7 {[%cal Bc8c7,Bc7g7,Bg7g6][%mdl 32]} (44. Qe8+ $2 Kg5 (44... Kh7 $2 45. Qg8+ Kg6 46. Rc7 $18) 45. Rc7 (45. f4+ $2 Kf5 $19) 45... g6 $19) 44... Kh5 45. Rxg7 (45. Qxg7 $2 Qf3 $19 (45... Rxf2 $2 {perishes.} 46. Qxg4+ {[%mdl 64] Remove Defender} Kxg4 47. Rxe4+ Kf5 48. Kxf2 $18)) 45... Rg6 46. Qf7 {White wants to mate with Rxg6.} Bc4 47. Rxg6 {[%mdl 64] Remove Defender} Qxg6 {[#]} {White used his chance. Artfully played by Erigaisi.   Weighted Error Value: White=0.35/Black=0.40} 48. g4+ $1 {[%mdl 512]} 1-0